Memòria anual 2001 = memoria anual 2001 / El Consorci Zona Franca de Barcelona
Descripción Física:
139 p. : il. col. ; 31 cm + 1 CD-ROM
MARC
| LEADER | 00000nam a2200000Ia 4500 | ||
|---|---|---|---|
| 001 | 15084 | ||
| 008 | 160829s9999 xx 000 0 cat d | ||
| 080 | |a FOL-2-56 | ||
| 100 | |a Consorci de la Zona Franca de Barcelona |9 22384 | ||
| 245 | |a Memòria anual 2001 = memoria anual 2001 / El Consorci Zona Franca de Barcelona | ||
| 260 | |a Barcelona : |b el Consorci, DL 2002 | ||
| 300 | |a 139 p. : |b il. col. ; |c 31 cm + 1 CD-ROM | ||
| 590 | |a Text bilingüe català-castellà | ||
| 650 | |a Consorci de la Zona Franca de Barcelona |x Memòries |9 22385 | ||
| 650 | 0 | |a Urbanisme |z Barcelona (Catalunya) |9 7247 | |
| 901 | |a Arxiu | ||
| 942 | |n 1 | ||
| 952 | |0 0 |1 0 |4 0 |6 FOL256 |7 1 |9 42194 |a Arxiu |b Arxiu |d 2016-12-01 |l 0 |o FOL-2-56 |p 15084 |r 2016-12-01 00:00:00 |w 2016-12-01 |y ARXIU | ||
| 999 | |c 44641 |d 44641 | ||